Engineering mechanics dynamics / (Record no. 4227)
[ view plain ]
| 000 -LEADER | |
|---|---|
| fixed length control field | 01147nac a22002771u 4500 |
| 010 ## - LIBRARY OF CONGRESS CONTROL NUMBER | |
| LC control number | 96022505 |
| 020 ## - INTERNATIONAL STANDARD BOOK NUMBER | |
| International Standard Book Number | 0471597643 (v. 1 : acid-free paper) |
| 020 ## - INTERNATIONAL STANDARD BOOK NUMBER | |
| International Standard Book Number | 0471241644 |
| 020 ## - INTERNATIONAL STANDARD BOOK NUMBER | |
| International Standard Book Number | 047124167 |
| 082 00 - DEWEY DECIMAL CLASSIFICATION NUMBER | |
| Classification number | 620.1 |
| Item number | M561 |
| 090 ## - LOCALLY ASSIGNED LC-TYPE CALL NUMBER (OCLC); LOCAL CALL NUMBER (OCLC) | |
| -- | 4227 |
| -- | 4227 |
| 100 ## - MAIN ENTRY--PERSONAL NAME | |
| Personal name | Meriam, J. L. |
| 245 10 - TITLE STATEMENT | |
| Title | Engineering mechanics dynamics / |
| Statement of responsibility, etc | J.L. Meriam, L.G. Kraige. |
| 250 ## - EDITION STATEMENT | |
| Edition statement | 4th ed. |
| 260 ## - PUBLICATION, DISTRIBUTION, ETC. (IMPRINT) | |
| Place of publication, distribution, etc | New York : |
| Name of publisher, distributor, etc | Wiley, |
| Date of publication, distribution, etc | c1998- |
| 300 ## - PHYSICAL DESCRIPTION | |
| Extent | v. <1 > : |
| Other physical details | ill. (some col.) ; |
| Dimensions | 24 cm. |
| 500 ## - GENERAL NOTE | |
| General note | Includes index. |
| 505 1# - FORMATTED CONTENTS NOTE | |
| Formatted contents note | v. 1. Statics. |
| 650 #0 - SUBJECT ADDED ENTRY--TOPICAL TERM | |
| Topical term or geographic name as entry element | Mechanics, Applied. |
| 700 1# - ADDED ENTRY--PERSONAL NAME | |
| Personal name | Kraige, L. G. |
| Fuller form of name | (L. Glenn) |
| 856 4# - ELECTRONIC LOCATION AND ACCESS | |
| Materials specified | Table of Contents |
| Uniform Resource Identifier | <a href="http://www.loc.gov/catdir/toc/onix05/96022505.html">http://www.loc.gov/catdir/toc/onix05/96022505.html</a> |
| 856 4# - ELECTRONIC LOCATION AND ACCESS | |
| Materials specified | Publisher description |
| Uniform Resource Identifier | <a href="http://www.loc.gov/catdir/enhancements/fy0706/96022505-d.html">http://www.loc.gov/catdir/enhancements/fy0706/96022505-d.html</a> |
| 942 ## - ADDED ENTRY ELEMENTS (KOHA) | |
| Item type | Book - Borrowing |
| Call number prefix | 620.1M561 |
| Withdrawn status | Item status | Damaged status | Not for loan | Home library | Current library | Shelving location | Date acquired | Source of acquisition | Total Checkouts | Full call number | Barcode | Date last seen | Koha item type | Total Renewals | Date last borrowed |
|---|---|---|---|---|---|---|---|---|---|---|---|---|---|---|---|
| Central Library | Central Library | First floor | 30/08/2007 | Purchase | 620.1 MER | 000000296 | 15/07/2025 | Book - Borrowing | |||||||
| Central Library | Central Library | First floor | 30/08/2007 | Purchase | 2 | 620.1 MER | 000000295 | 15/07/2025 | Book - Borrowing | 1 | 13/11/2023 |